000 00362nam a2200133Ia 4500
008 240624s9999 xx 000 0 und d
041 _aeng
082 _a658.4 DAU
100 _aDAUPHINAIS G WILLIAM
245 _aWISDOM OF THE CEO 29 GLOBAL LEADERS TACK
260 _c2000
_aNew York
_bJohn Wiley and Sons
300 _axii, : 372 : p. : cm. ; 23
365 _c
_b35
999 _c7604
_d7604